| 000 | 01042nam0a22002411 4500 | ||
|---|---|---|---|
| 001 | rc\4340939 | ||
| 005 | 20130416134414.3 | ||
| 035 | _a(NLR Aleph) 008274399 | ||
| 090 |
_a8476640 _c8476640 |
||
| 100 | _a20130416d1968 |||y0rusy50 ca | ||
| 101 | 0 | _arus | |
| 102 | _aRU | ||
| 105 | _aa z ||||| | ||
| 200 | 1 |
_aИнженерно-технические мероприятия гражданской обороны _fДнепропетр. ордена Трудового Красного Знамени металлург. ин-т. Метод. совет препод. курса гражд. обороны высш. учеб. заведений Днепропетр. обл. |
|
| 210 |
_aДнепропетровск _cБ. и. _d1968 |
||
| 215 |
_a112 с. _cил. _d21 |
||
| 333 | _aДля служебного пользования. Экз. № 000138 | ||
| 700 | 1 |
_aЕремеев _bИ. С. _gИгорь Сергеевич |
|
| 801 | 0 |
_aRU _bNLR _gpsbo |
|
| 801 | 1 |
_aRU _bELAR _2rusmarc |
|
| 852 |
_aNLR _j50К/18883 |
||
| 942 | _cBOOK | ||
| 980 | _aNB | ||